| 000 | 00874nam0a22002651 4500 | ||
|---|---|---|---|
| 001 | rc\3009127 | ||
| 005 | 20250806202757.0 | ||
| 035 | _a(NLR Aleph) 007216274 | ||
| 090 |
_a61293 _c61293 |
||
| 100 | _a20110922d1941 u y0rusy50 ca | ||
| 101 | 0 | _arus | |
| 102 | _aRU | ||
| 105 | _aa z ||||| | ||
| 200 | 1 |
_aПодвиги связиста [Андрея Виноградова] _fЛев Шапиро |
|
| 210 |
_a[Москва] _cГосполитиздат _d1941 |
||
| 215 |
_a36 с. _cил. _d20 см |
||
| 600 | 1 |
_aВиноградов _bА.С. _gАндрей Степанович |
|
| 700 | 1 |
_aШапиро _bЛ.Я. _f1955- _gЛев Яковлевич |
|
| 801 | 0 |
_aRU _bNLR _gpsbo |
|
| 801 | 1 |
_aRU _bELAR _2rusmarc |
|
| 852 |
_aNLR _bЛ _j30 Г-4/25 |
||
| 942 | _cBOOK | ||
| 945 | _aРоссийская национальная библиотека | ||
| 980 | _aNB | ||
| 980 | _aBV | ||